La culture juridique des hommes d'Église en Anjou et dans le Maine XIVe - début XVIe siècles = The legal culture of the clergy in Anjou and maine : from the 14th to the early 16th centuries /
Dealing with the legal culture of the clergymen in the late Middle Ages, this study aims to comprehend the coincidence between the spread of a particular type of intellectual training and the consciousness that a social group could have to build its own identity. Th ree topics are successively discu...
Elmentve itt :
| Szerző: | |
|---|---|
| Dokumentumtípus: | Cikk |
| Megjelent: |
Belvedere Meridionale
Szeged
2015
|
| Sorozat: | Belvedere Meridionale
27 No. 2 |
| Kulcsszavak: | Felsőoktatás - jogi - 14-16. sz., Egyház és állam - Európa - 14-16. sz., Egyháztörténet - keresztény - középkor, Könyvtártörténet - Európa - 14-16. sz. |
| Tárgyszavak: | |
| mtmt: | http://dx.doi.org/10.14232/belv.2015.2.1 |
| Online Access: | http://acta.bibl.u-szeged.hu/35173 |
| LEADER | 01770nab a2200229 i 4500 | ||
|---|---|---|---|
| 001 | acta35173 | ||
| 005 | 20250703101943.0 | ||
| 008 | 161017s2015 hu o 000 eng d | ||
| 024 | 7 | |a http://dx.doi.org/10.14232/belv.2015.2.1 |2 doi | |
| 040 | |a SZTE Egyetemi Kiadványok Repozitórium |b hun | ||
| 041 | |a eng | ||
| 041 | |a fre | ||
| 100 | 1 | |a Matz Jean-Michel | |
| 245 | 1 | 3 | |a La culture juridique des hommes d'Église en Anjou et dans le Maine |h [elektronikus dokumentum] : |b XIVe - début XVIe siècles = The legal culture of the clergy in Anjou and maine : from the 14th to the early 16th centuries / |c Matz Jean-Michel |
| 260 | |a Belvedere Meridionale |b Szeged |c 2015 | ||
| 300 | |a 7-21 | ||
| 490 | 0 | |a Belvedere Meridionale |v 27 No. 2 | |
| 520 | 3 | |a Dealing with the legal culture of the clergymen in the late Middle Ages, this study aims to comprehend the coincidence between the spread of a particular type of intellectual training and the consciousness that a social group could have to build its own identity. Th ree topics are successively discussed. Th e fi rst part considers the legal studies, especially at the University of Angers where law schools were organized from the 13th century. Th e second section focuses on the careers of the clergy (university teaching, service of Church and States). Th e last part is devoted to the study of the private and institutional libraries (abbeys and cathedrals). | |
| 650 | 4 | |a Bölcsészettudományok | |
| 650 | 4 | |a Történettudomány és régészet | |
| 695 | |a Felsőoktatás - jogi - 14-16. sz., Egyház és állam - Európa - 14-16. sz., Egyháztörténet - keresztény - középkor, Könyvtártörténet - Európa - 14-16. sz. | ||
| 856 | 4 | 0 | |u http://acta.bibl.u-szeged.hu/35173/1/belvedere_2015_002_007-021.pdf |z Dokumentum-elérés |